Inderbir Singh’S Textbook Of Human Histology With Colour Atlas And Practical Guide (Record no. 20846)

MARC details
000 -LEADER
fixed length control field 00431nam a22001577a 4500
003 - CONTROL NUMBER IDENTIFIER
control field SGT
020 ## - INTERNATIONAL STANDARD BOOK NUMBER
International Standard Book Number 978-9389034974
082 ## - DEWEY DECIMAL CLASSIFICATION NUMBER
Classification number 611
Item number I21P
100 ## - MAIN ENTRY--PERSONAL NAME
Personal name Pushpalatha K
245 ## - TITLE STATEMENT
Title Inderbir Singh’S Textbook Of Human Histology With Colour Atlas And Practical Guide
250 ## - EDITION STATEMENT
Edition statement 9TH
260 ## - PUBLICATION, DISTRIBUTION, ETC. (IMPRINT)
Place of publication, distribution, etc NEW DELHI
Name of publisher, distributor, etc Jaypee Brothers Medical Publishers
Year of Publication 2021
300 ## - PAGE DESCRIPTION
No. of Pages 1-350
650 ## - SUBJECT ADDED ENTRY--TOPICAL TERM
Topical term or geographic name as entry element Human Histology
942 ## - ADDED ENTRY ELEMENTS (KOHA)
Source of classification or shelving scheme Dewey Decimal Classification
Koha item type Books
942 ## - ADDED ENTRY ELEMENTS (KOHA)
-- 6
Holdings
Withdrawn status Lost status Source of classification or shelving scheme Damaged status Not for loan Home library Current library Shelving location Date acquired Vendor Name Cost, normal purchase price SGTU Bill Number Total Checkouts Full call number Accession No. (Barcode) Date last seen Date last borrowed Bill Date Koha item type
    Dewey Decimal Classification     SGT Dental Library SGT Dental Library Text Book 02/03/2021 AHUJA BOOK COMPANY 795.00 SGTU 12616 6 611 I21P FD8151 03/09/2025 30/08/2025 27/01/2021 Books
    Dewey Decimal Classification     SGT Dental Library SGT Dental Library Text Book 02/03/2021 AHUJA BOOK COMPANY 795.00 SGTU 12616 9 611 I21P FD8152 01/09/2025 30/08/2025 27/01/2021 Books
    Dewey Decimal Classification     SGT Dental Library SGT Dental Library Text Book 02/03/2021 AHUJA BOOK COMPANY 795.00 SGTU 12616 14 611 I21P FD8153 13/08/2025 11/08/2025 27/01/2021 Books